000 00859nam a2200253Ia 4500
003 OSt
005 20220923222255.0
006 a|||||r|||| 00| 0
007 ta
008 220922b |||||||| |||| 00| 0 mar d
024 _a204,168
037 _cTextual
040 _aARTS
_cARTS
_bmar
041 _2mar
_amar
082 _aO155,1(/\25):g, 152J9
100 _aदेशपांडे, भी0 गो0
_9160419
245 0 _aमराठी का भक्ति साहित्य
246 _aMarāṭhī kā bhakti sāhitya
260 _aवाराणसी
_b चौखम्बा विद्याभवन
_c1959
300 _a269पृ0
_ccm.
650 _aमराठी साहित्य
942 _hO155,1(/\25):g, 152J9
_cTEXL
_2CC
999 _c354917
_d354917